00415 2200181 4500001002100000005001500021035002000036245004500056100001900101300001100120260003200131082000800163084001400171990001200185990001200197990001200209990001200221INLIS00000000000205320250527092640 a0010-05250003451 aHorison Majalah Sastra /cMahmud Darwish0 aMahmud Darwish a28 hlm aJakarta :bDepdiknas,c2009 a800 a800 MA h a0713295 a0713296 a0713297 a0713298